000 00700nam a22002537a 4500
003 UA-OsUOA
001 30346
007 ta
008 20041109b un ||||| |||| 00| 0 ukr d
100 _aВоронцов-Вельяминов Б. А.
090 _a929:52
_bВ75
942 _cBK
040 _aUA-OsUOA
_brus
_cUA-OsUOA
_dUA-OsUOA
245 _aЛаплас
300 _a288 с.
955 _a0
041 _arus
080 _a929:52
260 _aМосква
_bНаука, Главная редакция физико-математической литературы
_c1985
044 _aRU
250 _n2-е изд., доп. и перераб.
650 7 _2UDC
999 _c316757
_d316757